Le jeu du camping - Erreurs éliminatoires - Statistiques

Statistiques générales
  • Ce quiz a été pris 1 764 fois
    1 709 depuis la dernière actualisation
  • Le résultat moyen est 29 sur 79
Statistiques - réponses
Réponse % Correct
N
65%
N
55%
N
55%
N
54%
N
52%
N
52%
N
51%
N
51%
N
51%
N
51%
N
51%
N
50%
N
50%
N
50%
N
50%
N
50%
T
49%
T
46%
T
45%
N
43%
N
41%
N
41%
T
40%
T
40%
N
40%
T
39%
N
38%
N
37%
N
37%
N
37%
N
37%
N
37%
N
35%
N
35%
N
34%
N
34%
N
34%
N
34%
N
34%
T
33%
N
33%
N
33%
T
32%
T
32%
N
32%
N
32%
N
32%
N
32%
T
31%
T
31%
N
31%
N
31%
N
31%
N
31%
N
31%
N
31%
N
30%
N
30%
N
30%
N
30%
N
30%
N
30%
N
29%
N
29%
T
28%
T
28%
T
28%
N
28%
N
28%
N
28%
T
27%
T
26%
T
26%
T
25%
N
25%
N
25%
T
24%
T
23%
T
23%
Aucun quiz correspondant
Distribution des résultats
% des personnes avec chaque résultat
Percentile par nombre de réponses
Votre historique - résultats
Vous n’avez pas pris ce quiz depuis la dernière actualisation